<?xml version="1.0" encoding="UTF-8"?>
<record
    xmlns:xsi="http://www.w3.org/2001/XMLSchema-instance"
    xsi:schemaLocation="http://www.loc.gov/MARC21/slim http://www.loc.gov/standards/marcxml/schema/MARC21slim.xsd"
    xmlns="http://www.loc.gov/MARC21/slim">

  <leader>01253nam a22003137a 4500</leader>
  <controlfield tag="003">IBSLLIB</controlfield>
  <controlfield tag="005">20260428120003.0</controlfield>
  <controlfield tag="008">260428b        |||||||| |||| 00| 0 eng d</controlfield>
  <datafield tag="020" ind1=" " ind2=" ">
    <subfield code="a">9786246764265</subfield>
  </datafield>
  <datafield tag="040" ind1=" " ind2=" ">
    <subfield code="a">IBSLLIB</subfield>
    <subfield code="b">sin</subfield>
  </datafield>
  <datafield tag="041" ind1=" " ind2=" ">
    <subfield code="a">sin</subfield>
    <subfield code="h">Sinhala</subfield>
  </datafield>
  <datafield tag="082" ind1=" " ind2=" ">
    <subfield code="a">332.11</subfield>
    <subfield code="b">CEN</subfield>
  </datafield>
  <datafield tag="110" ind1=" " ind2=" ">
    <subfield code="a">Central Bank of Sri Lanka</subfield>
  </datafield>
  <datafield tag="245" ind1=" " ind2=" ">
    <subfield code="a">&#xDC0;&#xDCF;&#xDBB;&#xDCA;&#xDC2;&#xDD2;&#xD9A; &#xD86;&#xDBB;&#xDCA;&#xDAE;&#xDD2;&#xD9A; &#xDC0;&#xDD2;&#xDC0;&#xDBB;&#xDAB;&#xDBA; 2025</subfield>
  </datafield>
  <datafield tag="250" ind1=" " ind2=" ">
    <subfield code="a">2025</subfield>
  </datafield>
  <datafield tag="260" ind1=" " ind2=" ">
    <subfield code="a">Colombo :</subfield>
    <subfield code="b">CBSL , </subfield>
    <subfield code="c">2026</subfield>
  </datafield>
  <datafield tag="300" ind1=" " ind2=" ">
    <subfield code="a">146 p.</subfield>
  </datafield>
  <datafield tag="505" ind1=" " ind2=" ">
    <subfield code="a">&#xD8B;&#xDAF;&#xDCA;&#xDB0;&#xDB8;&#xDB1;&#xDBA; &#xDC4;&#xDCF; &#xDB8;&#xDD2;&#xDBD; &#xDB4;&#xDCA;&#x200D;&#xDBB;&#xDC0;&#xDAB;&#xDAD;&#xDCF;</subfield>
  </datafield>
  <datafield tag="505" ind1=" " ind2=" ">
    <subfield code="a">&#xDB8;&#xDD6;&#xDBB;&#xDCA;&#xDAD; &#xD85;&#xD82;&#xDC1;&#xDBA;&#xDDA; &#xDB4;&#xDCA;&#x200D;&#xDBB;&#xDC0;&#xDAB;&#xDAD;&#xDCF;</subfield>
  </datafield>
  <datafield tag="505" ind1=" " ind2=" ">
    <subfield code="a">&#xDB8;&#xDD4;&#xDAF;&#xDBD;&#xDCA; &#xD85;&#xD82;&#xDC1;&#xDBA;&#xDDA; &#xDB4;&#xDCA;&#x200D;&#xDBB;&#xDC0;&#xDAB;&#xDAD;&#xDCF;</subfield>
  </datafield>
  <datafield tag="505" ind1=" " ind2=" ">
    <subfield code="a">&#xDC0;&#xDD2;&#xDAF;&#xDDA;&#xDC1;&#xDD3;&#xDBA; &#xD85;&#xD82;&#xDC1;&#xDBA;&#xDDA; &#xDB4;&#xDCA;&#x200D;&#xDBB;&#xDC0;&#xDAB;&#xDAD;&#xDCF;</subfield>
  </datafield>
  <datafield tag="505" ind1=" " ind2=" ">
    <subfield code="a">&#xDBB;&#xDCF;&#xDA2;&#xDCA;&#x200D;&#xDBA; &#xDB8;&#xDD6;&#xDBD;&#xDCA;&#x200D;&#xDBA; &#xD85;&#xD82;&#xDC1;&#xDBA;&#xDDA; &#xDB4;&#xDCA;&#x200D;&#xDBB;&#xDC0;&#xDAB;&#xDAD;&#xDCF;</subfield>
  </datafield>
  <datafield tag="505" ind1=" " ind2=" ">
    <subfield code="a">&#xDB8;&#xDD6;&#xDBD;&#xDCA;&#x200D;&#xDBA; &#xDB4;&#xDAF;&#xDCA;&#xDB0;&#xDAD;&#xDD2;&#xDBA;&#xDDA; &#xDAD;&#xDAD;&#xDCA;&#xDC0;&#xDBA;</subfield>
  </datafield>
  <datafield tag="505" ind1=" " ind2=" ">
    <subfield code="a">&#xDB8;&#xDC4; &#xDB6;&#xDD0;&#xD82;&#xD9A;&#xDD4;&#xDC0;&#xDDA; &#xDB4;&#xDCA;&#x200D;&#xDBB;&#xDAD;&#xDD2;&#xDB4;&#xDAD;&#xDCA;&#xDAD;&#xDD2; &#xDB4;&#xDD2;&#xDC5;&#xDD2;&#xDB6;&#xDB3; &#xDC3;&#xDB8;&#xDCF;&#xDBD;&#xDDD;&#xDA0;&#xDB1;&#xDBA;</subfield>
  </datafield>
  <datafield tag="505" ind1=" " ind2=" ">
    <subfield code="a">&#xDC3;&#xDCF;&#xDBB;&#xDCA;&#xDC0; &#xD86;&#xDBB;&#xDCA;&#xDAE;&#xDD2;&#xD9A; &#xD89;&#xDAF;&#xDD2;&#xDBB;&#xDD2; &#xDAF;&#xDD0;&#xD9A;&#xDCA;&#xDB8;</subfield>
  </datafield>
  <datafield tag="650" ind1=" " ind2=" ">
    <subfield code="a">Central Banking</subfield>
  </datafield>
  <datafield tag="942" ind1=" " ind2=" ">
    <subfield code="c">BK</subfield>
  </datafield>
  <datafield tag="999" ind1=" " ind2=" ">
    <subfield code="c">22085</subfield>
    <subfield code="d">22085</subfield>
  </datafield>
  <datafield tag="952" ind1=" " ind2=" ">
    <subfield code="0">0</subfield>
    <subfield code="1">0</subfield>
    <subfield code="4">0</subfield>
    <subfield code="7">0</subfield>
    <subfield code="8">REF</subfield>
    <subfield code="a">IBSLLIB</subfield>
    <subfield code="b">IBSLLIB</subfield>
    <subfield code="c">REF</subfield>
    <subfield code="d">2026-04-28</subfield>
    <subfield code="e">Donation - CBSL</subfield>
    <subfield code="g">800.00</subfield>
    <subfield code="i">10827</subfield>
    <subfield code="l">1</subfield>
    <subfield code="o">332.11 CEN</subfield>
    <subfield code="p">10827</subfield>
    <subfield code="q">2026-05-28</subfield>
    <subfield code="r">2026-04-28 12:17:48</subfield>
    <subfield code="s">2026-04-28</subfield>
    <subfield code="w">2026-04-28</subfield>
    <subfield code="y">ANNRE</subfield>
  </datafield>
  <datafield tag="952" ind1=" " ind2=" ">
    <subfield code="0">0</subfield>
    <subfield code="1">0</subfield>
    <subfield code="4">0</subfield>
    <subfield code="7">0</subfield>
    <subfield code="8">REF</subfield>
    <subfield code="a">IBSLLIB</subfield>
    <subfield code="b">IBSLLIB</subfield>
    <subfield code="c">REF</subfield>
    <subfield code="d">2026-04-28</subfield>
    <subfield code="e">Donation - CBSL</subfield>
    <subfield code="g">800.00</subfield>
    <subfield code="i">10828</subfield>
    <subfield code="l">0</subfield>
    <subfield code="o">332.11 CEN</subfield>
    <subfield code="p">10828</subfield>
    <subfield code="r">2026-04-28 12:15:17</subfield>
    <subfield code="w">2026-04-28</subfield>
    <subfield code="y">ANNRE</subfield>
  </datafield>
</record>
